<?xml version="1.0" encoding="UTF-8"?>
<record
    xmlns:xsi="http://www.w3.org/2001/XMLSchema-instance"
    xsi:schemaLocation="http://www.loc.gov/MARC21/slim http://www.loc.gov/standards/marcxml/schema/MARC21slim.xsd"
    xmlns="http://www.loc.gov/MARC21/slim">

  <leader>01185nam a22001337a 4500</leader>
  <datafield tag="999" ind1=" " ind2=" ">
    <subfield code="c">533789</subfield>
    <subfield code="d">533789</subfield>
  </datafield>
  <controlfield tag="008">260624b           ||||| |||| 00| 0 eng d</controlfield>
  <datafield tag="100" ind1=" " ind2=" ">
    <subfield code="a">Agarwal, Priti Narayan,  Akanksha and Dutta, Aaina </subfield>
    <subfield code="9">61316</subfield>
  </datafield>
  <datafield tag="245" ind1=" " ind2=" ">
    <subfield code="a">Mangroves in India: Spatial and temporal dynamics of carbon sequestration</subfield>
  </datafield>
  <datafield tag="260" ind1=" " ind2=" ">
    <subfield code="a">Economic &amp; Political Weekly  </subfield>
  </datafield>
  <datafield tag="300" ind1=" " ind2=" ">
    <subfield code="a">61(23), Jun 6, 2026: p.18-21</subfield>
  </datafield>
  <datafield tag="520" ind1=" " ind2=" ">
    <subfield code="a">Mangroves are critical carbon sinks, yet changes in their extent and density complicate assessments of carbon sequestration potential. Using recent data (2021&#x2013;23), this article examines spatial and temporal shifts in India&#x2019;s mangrove cover across states and density classes. While transitions towards denser categories enhance ecological function, simultaneous divergent changes require nuanced interpretation. By incorporating carbon stock differentials across density classes, the analysis shows that West Bengal and Tamil Nadu experienced net losses in carbon storage potential, whereas Gujarat and Odisha registered net gains over 2021&#x2013;23. &#x2013; Reproduced 

https://www.epw.in/journal/2026/23/commentary/mangroves-india.html
</subfield>
  </datafield>
  <datafield tag="773" ind1=" " ind2=" ">
    <subfield code="a">Economic &amp; Political Weekly  </subfield>
  </datafield>
  <datafield tag="942" ind1=" " ind2=" ">
    <subfield code="c">AR</subfield>
  </datafield>
  <datafield tag="952" ind1=" " ind2=" ">
    <subfield code="0">0</subfield>
    <subfield code="1">0</subfield>
    <subfield code="2">ddc</subfield>
    <subfield code="4">0</subfield>
    <subfield code="7">0</subfield>
    <subfield code="9">408969</subfield>
    <subfield code="a">IIPA</subfield>
    <subfield code="b">IIPA</subfield>
    <subfield code="d">2026-06-24</subfield>
    <subfield code="h">61(23), Jun 6, 2026: p.18-21</subfield>
    <subfield code="p">AR139251</subfield>
    <subfield code="r">2026-06-24</subfield>
    <subfield code="y">AR</subfield>
  </datafield>
</record>
